01109nam a22002537a 4500003000900000005001700009007000300026008003900029020001800068040002500086100005500111245006000166260003800226300003400264500004600298590002900344590006200373910001400435942001400449952012200463952012700585952012600712999001700838DO-SdBNP20211015095720.0ta210617b 2021 dr a p 00| 0 eng d a9789945096699 aDO-SdBNPbspacBNPHU1 a:Féliz Corporán, Keren Miledys, 978890d1974-10aLíricas del alma /cKeren Miledys Féliz Corporán. aSanto Domingo : b[s. n.],c2021. aix, 89 p. : bil. ; c21 cm.  aIncluye datos biográficos de la autora  aInventariado, 2021 /LP  aLa biblioteca posee 1 ejemplar autografiado por la autora aLopérez 2ddccLBS1 00102ddc718MOaBNPHUbPDcHDd2021-06-17eDepósito Legal l0o BNPHU PDp2021-2110r2021-06-17w2021-06-17yLBS1 00102ddc728MOaBNPHUbPDcHDd2021-06-17eDepósito Legal l0o BNPHU PDp2021-2111r2021-06-17te.2w2021-06-17yLBS1 00102ddc758MOaBNPHUbDOcHDd2021-06-17eDepósito Legal l0oBNPHU DSp2021-2112r2021-06-17te.3w2021-06-17yLBS1 c49946d49946